Waterville quadrangle, Iowa : 7.5-minute series /

Bibliographic Details
Corporate Author: Geological Survey (U.S.) (Cartographer)
Format: Government Document Map Serial
Language:English
Published: [Reston, Va.] : U.S. Department of the Interior, U.S. Geological Survey, 2010-
Subjects:
Online Access:Use place name Waterville Iowa to search for this quadrangle

MARC

Tag First Indicator Second Indicator Subfields
LEADER 00000ces a2200000Ii 4500
001 in00002705021
005 20211120162344.0
006 m o d f
006 s x f0 0
007 aj cznzn
007 cr cn|||||||||
008 110816c20109999vauag bh c fo 1 eng d
034 1 |a a  |b 24000  |d W0912230  |e W0911500  |f N0431500  |g N0430730 
035 |a (OCoLC)ocn746851596 
040 |a GPO  |b eng  |e rda  |e pn  |c GPO  |d OCLCQ  |d OCLCF  |d GPO  |d OCL  |d OCLCA  |d GPO  |d MvI 
043 |a n-us-ia 
049 |a WWW 
052 |a 4153  |b A5 
052 |a 4154  |b W32 
074 |a 0619-M-15 (online) 
086 0 |a I 19.81:43091-B 3-TF-024/ 
110 2 |a Geological Survey (U.S.),  |e cartographer. 
245 1 0 |a Waterville quadrangle, Iowa :  |b 7.5-minute series /  |c produced by the United States Geological Survey. 
246 1 |i Title varies:  |a Waterville quadrangle, Iowa--Allamakee Co. 
246 1 |i Filing title:  |a Waterville, IA 
255 |a Scale 1:24,000 ;  |b universal transverse Mercator projection  |c (W 91°22ʹ30ʺ--W 91°15ʹ00ʺ/N 43°15ʹ00ʺ--N 43°07ʹ30ʺ). 
264 1 |a [Reston, Va.] :  |b U.S. Department of the Interior, U.S. Geological Survey,  |c 2010- 
300 |a 1 online resource (maps) :  |b color 
310 |a Irregular 
336 |a cartographic image  |b cri  |2 rdacontent 
337 |a computer  |b c  |2 rdamedia 
338 |a online resource  |b cr  |2 rdacarrier 
362 1 |a Began with 2010. 
500 |a Relief shown by contours and spot heights. 
500 |a Includes location map and index to adjoining quadrangles. 
588 |a Description based on: 2010; title from title screen (viewed on Feb. 27, 2015). 
588 |a Latest issue consulted: 2015 (viewed on Feb. 27, 2015). 
651 0 |a Allamakee County (Iowa)  |v Maps. 
651 0 |a Waterville (Iowa)  |v Maps. 
651 7 |a Iowa  |z Allamakee County.  |2 fast  |0 (OCoLC)fst01212636 
651 7 |a Iowa  |z Waterville.  |2 fast  |0 (OCoLC)fst01203883 
655 7 |a Maps.  |2 fast  |0 (OCoLC)fst01423704 
856 4 0 |u https://purl.fdlp.gov/GPO/gpo10808  |z Use place name Waterville Iowa to search for this quadrangle  |t 0 
999 f f |s 72af36a5-d651-3d7c-88fe-94f3e4d983b3  |i 3282d9fa-7aad-379c-b037-ea3eb27dff6e  |t 0 
952 f f |a Texas A&M University  |b College Station  |c Electronic Resources  |d Available Online  |t 0  |e I 19.81:43091-B 3-TF-024/2010  |h Superintendent of Documents classification 
998 f f |a I 19.81:43091-B 3-TF-024/2010  |t 0  |l Available Online